书目信息 |
| 题名: |
外国刑事诉讼法
|
|
| 作者: | 刘新魁 , 宋英辉 , 孙长永 著 | |
| 分册: | ||
| 出版信息: | 北京 法律出版社 2006 |
|
| 页数: | 699页 | |
| 开本: | 21cm | |
| 丛书名: | ||
| 单 册: | ||
| 中图分类: | D915.3 | |
| 科图分类: | ||
| 主题词: | 刑事诉讼法--xing shi su song fa--世界 | |
| 电子资源: | ||
| ISBN: | 7-5036-6001-5 | |
| 000 | 00848nam0 2200253 450 | |
| 001 | CAL 012006009990 | |
| 005 | 20061123150514.23 | |
| 010 | @a7-5036-6001-5@dCNY 39.00 | |
| 099 | @aCAL 012006009990 | |
| 100 | @a20060220d2006 ekmy0chiy0121 ea | |
| 101 | 0 | @achi |
| 102 | @aCN@b110000 | |
| 200 | 1 | @a外国刑事诉讼法@Awai guo xing shi su song fa@d= Foreign criminal procedure law@f宋英辉,孙长永,刘新魁等著@Fsong ying hui,sun chang yong,liu xin kui deng zhu@zeng |
| 210 | @a北京@c法律出版社@d2006 | |
| 215 | @a699页@d21cm | |
| 320 | @a有书目 | |
| 510 | 1 | @aForeign criminal procedure law@zeng |
| 606 | 0 | @a刑事诉讼法@Axing shi su song fa@y世界 |
| 690 | @aD915.3@v4 | |
| 701 | 0 | @a刘新魁@Aliu xin kui@4著 |
| 701 | 0 | @a宋英辉@Asong ying hui@4著 |
| 701 | 0 | @a孙长永@Asun chang yong@4著 |
| 801 | @aCN@c20061123 | |
| 905 | @apdsgxy@dD915.3@eS786 | |
| 外国刑事诉讼法= Foreign criminal procedure law/宋英辉,孙长永,刘新魁等著.-北京:法律出版社,2006 |
| 699页;21cm |
| ISBN 7-5036-6001-5:CNY 39.00 |
| ● |
| 相关链接 |
|
|
|
正题名:外国刑事诉讼法
索取号:D915.3/S786
 
预约/预借
| 序号 | 登录号 | 条形码 | 馆藏地/架位号 | 状态 | 备注 |
| 1 | 614247 | 206142477 | 社科库509/509社科库 82排4列4层/ [索取号:D915.3/S786] | 在馆 | |
| 2 | 614248 | 206142486 | 社科库509/509社科库 82排4列4层/ [索取号:D915.3/S786] | 在馆 |